Регионална библиотека "Любен Каравелов" - Русе

Нищо друго освен истината (Запис номер 330201)

MARC детайли
000 -Лидер
Контролно поле с фиксирана дължина 01662nam a2200409 c 4500
003 - Код на организацията, давaща контролен номер
Контролно поле BLK
005 - Дата и час на последна редакция
Контролно поле 20230620102730.0
008 - Елементи от данни с фиксирана дължина
fixed length control field 180408b bul|||||r ||||||| ||bul||
010 ## - Наследен системен номер
LC control number KNG00076505000
020 ## - Международен стандартен номер на книга ISBN
Международен стандартен номер на книга ISBN 978-954-28-2838-9
040 ## - Източник на каталожния запис
Идентификатор на билиотеката - собственик на записа BLK
041 ## - Код за език
Код за езика на текст/звукозапис или на отделно заглавие Български
Код за езика КДБФ Български
080 ## - УДК
Текстов определител УДК Политика. Вж и 341 ; 342
УДК код - определител по УДК 32
УДК определител (470)(092)
УДК - код + определител 32(470)(092)
080 ## - УДК
Текстов определител УДК Руски политик, президент на Русия
УДК код - определител по УДК 929 Путин, Владимир Владимирович
УДК - код + определител 929 Путин, Владимир Владимирович
100 1# - Редна дума - Автор
Автор Политковская, Анна Степановна
Авторска отговорност първи автор
R(LIN) 111408
139 ## - Редно поле
Редна дума Политковская, Анна Степанова
Авторски знак Пол - П 69
245 10 - Сведения за заглавието
Заглавие Нищо друго освен истината
Редно поле (дума) Анна Степановна Политковская; прев. Ангелина Александрова
Подзаглавни данни Избрани статии
257 ## - Страна на издаване
Страна на създаване/издаване Русия
260 ## - Област на издателските данни
Име на издателя, разпространителя и проч. Сиела Норма
Година на издаване 2019
9 (RLIN) 217021
Място на издаване, разпространение и проч. София
300 ## - Физическа характеристика
Страници 472 с.
Размери/Мащаб 20 см
380 ## - Жанр
Жанр Обществени науки
650 #4 - Допълнително описание по предмет – тема
Основно описание – тема или топоним Русия - политика
9 (RLIN) 245505
650 #4 - Допълнително описание по предмет – тема
Основно описание – тема или топоним Политици, руски
9 (RLIN) 256327
650 #4 - Допълнително описание по предмет – тема
Основно описание – тема или топоним Президенти - Русия
9 (RLIN) 266341
651 #7 - Допълнително описание по предмет - топоним
Географско понятие Русия
9 (RLIN) 179465
651 #7 - Допълнително описание по предмет - топоним
Географско понятие Европа
9 (RLIN) 178861
653 ## - Ключова дума – ненормативна
Ключова дума политика
653 ## - Ключова дума – ненормативна
Ключова дума политици
700 ## - Други автори (авторска отговорност)
Лично име Александрова, Ангелина
Автороска отговорност (Описва отношението между автора и произведението) прев.
9 (RLIN) 344492
852 ## - Местоположение
Фондова буква Заемна - подръчен фонд
Систематично-азбучна сигнатура П 323(4)/П 69
856 4# - Електронен адрес и достъп
Електронен формат pdf - файл
856 4# - Електронен адрес и достъп
Електронен формат pdf - файл
999 ## - СИСТЕМНИ КОНТРОЛНИ НОМЕРА
Koha biblionumber 330201
Koha biblioitemnumber 330201
942 ## - АРТИКУЛИ
Вид на библиотечния материал Книги
Скрит в OPAC Не
Koha issues (borrowed), all copies 15
944 ## - СЪЗДАВАНЕ И РЕДАКЦИЯ на ЗАПИСА
Създаване/Редакция Създаване
Дата на регистрацията/редакция 26.07.2007
Служител, извършил регистрацията/редакцията Людмила_Стоянова
944 ## - СЪЗДАВАНЕ И РЕДАКЦИЯ на ЗАПИСА
Създаване/Редакция Редакция
Дата на регистрацията/редакция 06.08.2008
999 ## - СИСТЕМНИ КОНТРОЛНИ НОМЕРА
Koha biblioitemnumber 72132
Наличности
Код за отписване Код за изгубен артикул Източник на класификационната схема Код за повреда Код за отдаване Артикулен № Име на библиотеката - собственик Име на библиотеката, в която се намира в момента Статус (Текущо местоположение) Дата на вписване в системата Местоположение - отдел Цена в лева Систематично азбучна сигнатура Баркод Цена в евро Служебен тип на артикула
  Не е изгубен Universal Decimal Classification Не е повреден заемане за дома 701376 Регионална библиотека "Любен Каравелов" Русе Регионална библиотека "Любен Каравелов" Русе Заемна - подръчен фонд 2019-04-15 Заемна - подръчен фонд 14.99 П 323(4)/П 69 120000831287 7.66 Книги
Vip Innovations Ltd, Rousse, Bulgaria 2025